000 00665cam a22002053a 4500
001 39779
003 PGUSA
005 20140828083903.0
008 120523s2012||||xxu|||||s|||||000 | eng d
040 _aPGUSA
_beng
042 _adc
100 1 _aBailey, L. H.
_q(Liberty Hyde),
_d1858-1954
245 1 0 _aAmerican Grape Training :
_bAn account of the leading forms now in use of Training the American Grapes
_h[electronic resource] /
_cL. H. Bailey
260 _bProject Gutenberg,
_c2012
506 _aPublic domain in the USA.
516 _aElectronic text
830 0 _aProject Gutenberg
_v39779
856 4 0 _uhttp://www.gutenberg.org/ebooks/39779
942 _cEB
999 _c269032
_d269032